000 00431 a2200157 4500
020 _a9694740002
040 _aDLC
082 _a423.491439
100 _aJalibi, Dr. Jameel
245 _aQaumi English Urdu Dictionary
_cDr. Jameel Jalibi
260 _aIslamabad:
_bMuqtadara Qumi Zuban,
_c1996.
300 _a2356 p. ;
_c27 cm.
500 _aIncludes Index
650 _aUrdu language--Dictionary
942 _cBK
_k423.491439 JAL
_2ddc
999 _c9419
_d9419